000 00569nam a2200217Ia 4500
003 OSt
005 20220923225312.0
006 a|||||r|||| 00| 0
007 ta
008 220922b |||||||| |||| 00| 0 hin d
024 _a262,285
037 _cTextual
040 _aARTS
_cARTS
_bhin
041 _2hin
_ahin
082 _aP152:3, F5
245 0 _aगोंड़ी भाषा का व्याकरण
246 _aGoanड़ī bhāṣhā kā vyākaraṇa
260 _c1925
942 _hP152:3, F5
_cTEXL
_2CC
999 _c377367
_d377367